[Event "Aslo ASKO CC-ch Group-B"]
[Site "Oslo"]
[Date "2009.06.02"]
[Round "9"]
[White "Syversrud, Joern Christian"]
[Black "Olaussen, Atle Gjoran"]
[Result "0-1"]
[WhiteElo "1274"]
[BlackElo "1311"]
[PlyCount "82"]
[EventDate "2009.02.10"]
[EventType "swiss"]
[EventRounds "9"]
[EventCountry "NOR"]
[SourceTitle "EXT 2011"]
[Source "ChessBase"]
[SourceDate "2010.11.26"]
[SourceVersion "1"]
[SourceVersionDate "2010.11.26"]
[SourceQuality "1"]

1. e4 e5 2. Nf3 Nc6 3. d4 exd4 4. Bc4 Be7 5. c3 Na5 6. Qxd4 Nxc4 7. Qxc4 d6 8. 0-0 Bd7 9. Na3 a6 10. Re1 Be6 11. Qd3 Qd7 12. Bf4 0-0-0 13. Nd4 Nf6 14. Nac2 c5 15. Nf5 Rhg8 16. Nxe7+ Qxe7 17. Rad1 d5 18. exd5 Rxd5 19. Qe2 Qd8 20. Rxd5 Qxd5 21. Rd1 Qe4 22. Qxe4 Nxe4 23. f3 Nf6 24. Ne3 g6 25. Kf2 Bxa2 26. b4 Nd7 27. Ng4 Re8 28. Rxd7 Kxd7 29. Nf6+ Ke7 30. Nxe8 Kxe8 31. bxc5 Kd7 32. Ke3 Kc6 33. Kd4 Kb5 34. Bd2 Bc4 35. Bc1 Be6 36. g4 Ka4 37. g5 Kb3 38. Bf4 a5 39. Bd6 a4 40. c6 bxc6 41. Bb4 a3 0-1

[Event "Aslo ASKO CC-ch Group-B"]
[Site "Oslo"]
[Date "2009.04.21"]
[Round "6"]
[White "Gundersen, Vegard"]
[Black "Olaussen, Atle Gjoran"]
[Result "1-0"]
[WhiteElo "1223"]
[BlackElo "1311"]
[PlyCount "47"]
[EventDate "2009.02.10"]
[EventType "swiss"]
[EventRounds "9"]
[EventCountry "NOR"]
[SourceTitle "EXT 2011"]
[Source "ChessBase"]
[SourceDate "2010.11.26"]
[SourceVersion "1"]
[SourceVersionDate "2010.11.26"]
[SourceQuality "1"]

1. e4 e5 2. f4 Bc5 3. Nf3 d6 4. Nc3 Nf6 5. d3 Nc6 6. Na4 Bb6 7. Nxb6 axb6 8. Be2 0-0 9. f5 d5 10. Nd2 d4 11. g4 g5 12. h4 gxh4 13. g5 Ne8 14. Nf3 Kg7 15. Rxh4 Rh8 16. Kf2 Qd6 17. Bd2 Kg8 18. Nh2 Ne7 19. Ng4 Kf8 20. Nh6 Ng8 21. Nxf7 Kxf7 22. g6+ Ke7 23. Rxh7+ Rxh7 24. gxh7 1-0

[Event "Aslo ASKO CC-ch Group-B"]
[Site "Oslo"]
[Date "2009.03.24"]
[Round "4"]
[White "Olaussen, Atle Gjoran"]
[Black "Chikwati, Elvis"]
[Result "1-0"]
[WhiteElo "1311"]
[BlackElo "1262"]
[PlyCount "48"]
[EventDate "2009.02.10"]
[EventType "swiss"]
[EventRounds "9"]
[EventCountry "NOR"]
[SourceTitle "EXT 2011"]
[Source "ChessBase"]
[SourceDate "2010.11.26"]
[SourceVersion "1"]
[SourceVersionDate "2010.11.26"]
[SourceQuality "1"]

1. d4 e6 2. e4 c5 3. Nf3 Nc6 4. d5 exd5 5. exd5 Nce7 6. Bc4 d6 7. 0-0 Nf6 8. Re1 g6 9. Bg5 Bg7 10. Qe2 a6 11. a4 Bf5 12. Nc3 Kf8 13. Qd2 Qc7 14. h3 Re8 15. Re2 Bd7 16. Rae1 Bxa4 17. Bxa6 Bxc2 18. Bb5 Nc6 19. Rxe8+ Nxe8 20. Qxc2 h6 21. dxc6 bxc6 22. Be7+ Kg8 23. Bd3 Kh7 24. Bh4 Qa5 1-0

[Event "Aslo ASKO CC-ch Group-B"]
[Site "Oslo"]
[Date "2006.02.21"]
[Round "2"]
[White "Olaussen, Atle Gjoran"]
[Black "Roholdt, Njaal"]
[Result "1-0"]
[WhiteElo "1292"]
[BlackElo "1229"]
[PlyCount "81"]
[EventDate "2006.02.07"]
[EventType "tourn"]
[EventRounds "9"]
[EventCountry "NOR"]
[SourceTitle "EXT 2008"]
[Source "ChessBase"]
[SourceDate "2007.11.25"]
[SourceVersion "1"]
[SourceVersionDate "2007.11.25"]
[SourceQuality "1"]

1. d4 Nf6 2. c4 e6 3. Nc3 g6 4. Nf3 Bg7 5. Bg5 c6 6. e4 Qa5 7. Bd2 Qc7 8. e5 Ng8 9. Ne4 Bf8 10. c5 d5 11. cxd6 Qb6 12. Qc2 a5 13. Rc1 Na6 14. a3 Bd7 15. Bd3 Bg7 16. 0-0 0-0-0 17. Bxa6 Qxa6 18. Nc5 Qa7 19. Qb3 b6 20. Na4 Kb7 21. Nc5+ Kc8 22. Nxd7 Kxd7 23. Rc2 Nh6 24. Rxc6 Rc8 25. Rxb6 Kd8 26. Qb5 Qd7 27. Qxa5 Ke8 28. Ra6 Nf5 29. Ra7 Qc6 30. d7+ Qxd7 31. Rxd7 Kxd7 32. Rc1 Rxc1+ 33. Bxc1 Rc8 34. Bd2 Ke8 35. h3 h5 36. Bb4 Ne7 37. Bxe7 Kxe7 38. Qa7+ Kf8 39. Ng5 Rc1+ 40. Kh2 Kg8 41. Qxf7+ 1-0

[Event "Oslo ASKO Hostturnering"]
[Site "Oslo"]
[Date "2005.11.15"]
[Round "6"]
[White "Berntsen, Mathias"]
[Black "Olaussen, Atle Gjoran"]
[Result "0-1"]
[WhiteElo "1192"]
[BlackElo "1276"]
[PlyCount "82"]
[EventDate "2005.09.06"]
[EventType "swiss"]
[EventRounds "7"]
[EventCountry "NOR"]
[SourceTitle "EXT 2009"]
[Source "ChessBase"]
[SourceDate "2008.11.26"]
[SourceVersion "1"]
[SourceVersionDate "2008.11.26"]
[SourceQuality "1"]

1. c4 e5 2. Nc3 Nf6 3. Nf3 Nc6 4. g3 Bc5 5. Bg2 d6 6. 0-0 Bf5 7. e3 Bd3 8. Re1 Nb4 9. a3 Nc2 10. b4 Nxa1 11. bxc5 Nc2 12. Rf1 e4 13. Ng5 Bxf1 14. Kxf1 Nxe3+ 15. fxe3 dxc5 16. Ngxe4 Nd7 17. Qb3 Rb8 18. a4 b6 19. Qb5 0-0 20. Qc6 Ne5 21. Qd5 Qe7 22. Nf2 Rfd8 23. Qe4 Qe6 24. d3 Re8 25. Nd5 Qd7 26. Nc3 Rbd8 27. Bh3 Qd6 28. Nb5 Qe7 29. Bb2 a6 30. Nc3 Qf6 31. Nd5 Qd6 32. Qf4 f6 33. Ke2 c6 34. Ne4 Qf8 35. Bxe5 cxd5 36. Bd6 Qf7 37. cxd5 Qxd5 38. Nxf6+ gxf6 39. Qg4+ Kh8 40. Qh5 Qxd6 41. Bf5 Qe7 0-1